| 000 | 00617cam a22002293a 4500 | ||
|---|---|---|---|
| 001 | 19964 | ||
| 003 | PGUSA | ||
| 005 | 20140828083425.0 | ||
| 008 | 061129s2006||||xxu|||||s|||||000 1 eng d | ||
| 040 |
_aPGUSA _beng |
||
| 042 | _adc | ||
| 050 | 4 | _aPS | |
| 100 | 1 |
_aMacLean, Katherine, _d1925- |
|
| 245 | 1 | 0 |
_aRegeneration _h[electronic resource] / _cKatherine MacLean |
| 260 |
_bProject Gutenberg, _c2006 |
||
| 506 | _aPublic domain in the USA. | ||
| 516 | _aElectronic text | ||
| 653 | _aScience fiction | ||
| 830 | 0 |
_aProject Gutenberg _v19964 |
|
| 856 | 4 | 0 | _uhttp://www.gutenberg.org/ebooks/19964 |
| 942 | _cEB | ||
| 999 |
_c249219 _d249219 |
||